000 00773cam a2200265 4500500
005 20260405003026.0
041 _afre
042 _adc
100 1 0 _aSorente, Isabelle
_eauthor
245 0 0 _aCollapsologie. Et vous, croyez-vous à la fin du monde ?
260 _c2020.
500 _a11
690 _aCollapsologie
690 _aCrise
690 _aEffondrement
690 _aGérald Bronner
690 _aJean-Pierre Dupuy
690 _aMichaël Fœssel
690 _aNature
690 _aPablo Servigne
690 _aSurvivalisme
690 _aTerre
786 0 _nPhilosophie magazine | 136 | 2 | 2020-02-01 | p. 19-19 | 1951-1787
856 4 1 _uhttps://shs.cairn.info/magazine-philosophie-magazine-2020-2-page-19?lang=fr&redirect-ssocas=7080
999 _c2063665
_d2063665